[Event "Charleroi op"]
[Site "Charleroi"]
[Date "2015.08.02"]
[Round "2"]
[White "Dessomme, Francois"]
[Black "Van Mechelen, Jan"]
[Result "0-1"]
[WhiteElo "1983"]
[BlackElo "2243"]
[PlyCount "74"]
[EventDate "2015.08.01"]
[EventType "swiss"]
[EventRounds "9"]
[EventCountry "BEL"]
[SourceTitle "CBM 167 Extra"]
[Source "ChessBase"]
[SourceDate "2015.09.14"]
[SourceVersion "1"]
[SourceVersionDate "2015.09.14"]
[SourceQuality "1"]

1. d4 Nf6 2. Nf3 d6 3. e3 Nbd7 4. Bd3 e5 5. Nbd2 g6 6. 0-0 Bg7 7. b3 0-0 8. Bb2 Re8 9. e4 exd4 10. Bxd4 b6 11. Bc4 Bb7 12. Ng5 Re7 13. f4 c5 14. Bxf6 Nxf6 15. Bd3 h6 16. Ngf3 Nxe4 17. Bxe4 Bxe4 18. Rb1 d5 19. Re1 Qc7 20. g3 Rae8 21. b4 Bf5 22. Rxe7 Qxe7 23. Qe1 Bd4+ 24. Kg2 Qxe1 25. Rxe1 Rxe1 26. Nxe1 Bc3 27. Ndf3 Bxb4 28. Kf2 Bc3 29. Ke2 c4 30. Kd1 Bg4 31. Kc1 f6 32. Nd2 Kf7 33. Ng2 b5 34. Ne3 Be6 35. Nf3 Ke7 36. f5 gxf5 37. Nxf5+ Bxf5 0-1

[Event "Charleroi op"]
[Site "Charleroi"]
[Date "2011.08.01"]
[Round "3"]
[White "Dessomme, Francois"]
[Black "Noiroux, Kevin"]
[Result "0-1"]
[WhiteElo "1962"]
[BlackElo "2199"]
[PlyCount "164"]
[EventDate "2011.07.30"]
[EventType "swiss"]
[EventRounds "9"]
[EventCountry "BEL"]
[SourceTitle "EXT 2012"]
[Source "ChessBase"]
[SourceDate "2011.11.24"]
[SourceVersion "1"]
[SourceVersionDate "2011.11.24"]
[SourceQuality "1"]

1. d4 Nf6 2. Nf3 e6 3. Nbd2 c5 4. e3 cxd4 5. exd4 Be7 6. Bd3 b6 7. 0-0 Bb7 8. c4 0-0 9. b3 d5 10. Bb2 Nc6 11. Rc1 Rc8 12. Qe2 Rc7 13. Rfd1 Qc8 14. Bb1 Rd8 15. Ne5 dxc4 16. Ndxc4 Nb4 17. Ne3 Be4 18. Rxc7 Qxc7 19. Bxe4 Nxe4 20. a3 Nd5 21. Rc1 Qb7 22. Nc6 Re8 23. Qc2 Nd6 24. Nxe7+ Qxe7 25. a4 Qg5 26. Nxd5 Qxd5 27. Ba3 Nf5 28. Qc6 Qxc6 29. Rxc6 Nxd4 30. Rc7 Nxb3 31. Rxa7 Rd8 32. g3 Nd2 33. Bd6 Nc4 34. Bc7 Rd1+ 35. Kg2 h6 36. Rb7 Rb1 37. Rb8+ Kh7 38. Rb7 Kg6 39. Bd8 Rb4 40. Ra7 Nb2 41. a5 bxa5 42. Rxa5 Nd3 43. Ra3 Ne1+ 44. Kf1 Nc2 45. Ra6 Kf5 46. Ra7 Kg6 47. Ra6 Rb2 48. Ra8 Nd4 49. Be7 Nf5 50. Bc5 Rc2 51. Bb4 Kf6 52. Ra7 g5 53. Ba3 h5 54. Ra5 Kg6 55. Rb5 h4 56. gxh4 Nxh4 57. Rb8 Nf5 58. Rg8+ Kf6 59. Rb8 Nh4 60. Rb7 Rc8 61. f4 Kg6 62. fxg5 Nf3 63. Be7 Nxh2+ 64. Kg2 Ng4 65. Kg3 Ne3 66. Bb4 Nd5 67. Ba5 Ra8 68. Bd2 Ra2 69. Bc1 Rc2 70. Bb2 Kxg5 71. Rb8 Kf5 72. Ba1 Rd2 73. Rb3 Ke4 74. Bh8 Rd3+ 75. Rxd3 Kxd3 76. Kf3 f6 77. Bg7 e5 78. Kf2 e4 79. Bh6 e3+ 80. Ke1 f5 81. Bg5 Nb4 82. Bh4 Nc2+ 0-1

[Event "Roux CREC op"]
[Site "Roux"]
[Date "2009.08.01"]
[Round "9"]
[White "Dessomme, Francois"]
[Black "Russo, Julien"]
[Result "0-1"]
[WhiteElo "1918"]
[BlackElo "2117"]
[PlyCount "156"]
[EventDate "2009.07.25"]
[EventType "swiss"]
[EventRounds "9"]
[EventCountry "BEL"]
[SourceTitle "EXT 2010"]
[Source "ChessBase"]
[SourceDate "2010.11.25"]
[SourceVersion "1"]
[SourceVersionDate "2010.11.25"]
[SourceQuality "1"]

1. d4 d5 2. Nf3 Nf6 3. e3 Nc6 4. Bd3 Bg4 5. c4 e5 6. cxd5 Qxd5 7. Nc3 Bb4 8. Be2 0-0-0 9. 0-0 Qa5 10. Qb3 Bxc3 11. bxc3 e4 12. Rb1 exf3 13. Qxb7+ Kd7 14. d5 fxe2 15. Qxc6+ Ke7 16. Re1 Rd6 17. Ba3 Qxa3 18. Qxc7+ Bd7 19. e4 Rc8 20. Qb7 Qxc3 21. Qxa7 Rc7 22. Qb8 Rc8 23. Qa7 Qc5 24. Qb7 Nxe4 25. Rxe2 Qc1+ 26. Re1 Qc2 27. f3 Qc5+ 28. Kh1 Qxd5 29. Rxe4+ Kf8 30. Qa7 Be6 31. a4 Rdc6 32. Ree1 Qd7 33. Qe3 Rc3 34. Qe4 Qd3 35. Qb4+ Kg8 36. h3 h6 37. a5 Rb3 38. Rxb3 Qxb3 39. Qe7 Qc3 40. Re2 Qc1+ 41. Kh2 Qc7+ 42. Qxc7 Rxc7 43. Re5 Rc6 44. h4 Rd6 45. Re3 Rd4 46. g3 Rd2+ 47. Kg1 Ra2 48. Re5 Kf8 49. f4 Bh3 50. Kh1 Bg2+ 51. Kg1 Bf3 52. Kf1 h5 53. Rc5 Bg4 54. Kg1 Ke8 55. Rb5 g6 56. Rb8+ Ke7 57. Rb7+ Bd7 58. Ra7 Kd6 59. Ra8 Be6 60. a6 Kc7 61. f5 Bxf5 62. Ra7+ Kb6 63. Rb7+ Kxa6 64. Rxf7 Kb5 65. Rf6 Ra6 66. Rf8 Kc4 67. Kf2 Kd4 68. Kf3 Ke5 69. Re8+ Re6 70. Rb8 Be4+ 71. Kf2 Rf6+ 72. Kg1 Bd5 73. Rb2 Rf3 74. Kh2 Rd3 75. Rf2 Be4 76. Ra2 Kd4 77. Re2 Rc3 78. Rd2+ Bd3 0-1

[Event "Roux CREC op"]
[Site "Roux"]
[Date "2009.07.31"]
[Round "7"]
[White "Audin, Thierry"]
[Black "Dessomme, Francois"]
[Result "0-1"]
[WhiteElo "2042"]
[BlackElo "1918"]
[PlyCount "72"]
[EventDate "2009.07.25"]
[EventType "swiss"]
[EventRounds "9"]
[EventCountry "BEL"]
[SourceTitle "EXT 2010"]
[Source "ChessBase"]
[SourceDate "2010.11.25"]
[SourceVersion "1"]
[SourceVersionDate "2010.11.25"]
[SourceQuality "1"]

1. d4 Nf6 2. Nc3 g6 3. e4 d6 4. Be2 Bg7 5. Nf3 0-0 6. h3 c6 7. a4 a5 8. Be3 Na6 9. 0-0 Nb4 10. Qd2 d5 11. e5 Ne4 12. Nxe4 dxe4 13. Nh2 c5 14. c3 cxd4 15. cxb4 dxe3 16. Qxe3 Bxe5 17. Rfd1 Qc7 18. Ng4 Bxg4 19. hxg4 axb4 20. Rac1 Qb8 21. Rc4 Rd8 22. Rxd8+ Qxd8 23. Rxe4 Bd6 24. b3 Qc7 25. Bc4 Rd8 26. g3 Bc5 27. Qf3 e6 28. Kg2 Rd2 29. Re2 Rd7 30. Bb5 Rd4 31. Qf6 Rd1 32. Qf4 Qd8 33. Bc4 b6 34. Qe4 Qg5 35. Qf3 Qh6 36. Qa8+ Kg7 0-1

[Event "Roux CREC op"]
[Site "Roux"]
[Date "2009.07.29"]
[Round "6"]
[White "Dessomme, Francois"]
[Black "Delaney, John Anthony"]
[Result "1/2-1/2"]
[WhiteElo "1918"]
[BlackElo "2227"]
[PlyCount "62"]
[EventDate "2009.07.25"]
[EventType "swiss"]
[EventRounds "9"]
[EventCountry "BEL"]
[SourceTitle "EXT 2010"]
[Source "ChessBase"]
[SourceDate "2010.11.25"]
[SourceVersion "1"]
[SourceVersionDate "2010.11.25"]
[SourceQuality "1"]

1. d4 Nf6 2. Nf3 g6 3. Nbd2 Bg7 4. e4 d6 5. Be2 0-0 6. 0-0 c5 7. c3 Qc7 8. b3 Nc6 9. d5 Nd8 10. Bb2 e5 11. Ne1 Ne8 12. b4 f5 13. bxc5 dxc5 14. exf5 gxf5 15. Nc4 Nd6 16. Nf3 N8f7 17. Nxd6 Nxd6 18. Qb3 c4 19. Qc2 Bd7 20. a4 Rae8 21. Ba3 Rf6 22. Nd2 e4 23. Rab1 Rh6 24. Bxd6 Qxd6 25. g3 Kh8 26. Nxc4 Qxd5 27. Ne3 Qc6 28. Bb5 Qc7 29. Nxf5 Rh5 30. Nxg7 Kxg7 31. Qd2 Bxb5 1/2-1/2

[Event "Charleroi TIPC op"]
[Site "Charleroi"]
[Date "2008.07.29"]
[Round "5"]
[White "Noiroux, Kevin"]
[Black "Dessomme, Francois"]
[Result "1-0"]
[WhiteElo "2140"]
[BlackElo "1974"]
[PlyCount "79"]
[EventDate "2008.07.26"]
[EventType "swiss"]
[EventRounds "9"]
[EventCountry "BEL"]
[SourceTitle "EXT 2009"]
[Source "ChessBase"]
[SourceDate "2008.11.26"]
[SourceVersion "1"]
[SourceVersionDate "2008.11.26"]
[SourceQuality "1"]

1. d4 Nf6 2. c4 g6 3. Nc3 Bg7 4. e4 d6 5. Be2 0-0 6. f4 c5 7. Nf3 Nc6 8. d5 Nb8 9. 0-0 b5 10. cxb5 a6 11. Nd2 axb5 12. Bxb5 Ng4 13. Nc4 Bd4+ 14. Kh1 Nf2+ 15. Rxf2 Bxf2 16. Ne2 Ba6 17. Bxa6 Nxa6 18. Rb1 Nc7 19. a4 Na6 20. g3 Qb8 21. Bd2 e6 22. dxe6 fxe6 23. Kg2 Bd4 24. Nxd4 cxd4 25. b4 Rc8 26. Na5 Ra7 27. Qb3 d5 28. exd5 Qa8 29. Nc6 Rxc6 30. dxc6 Qxc6+ 31. Kf2 Qd7 32. Rd1 Rb7 33. Qc4 Rb6 34. b5 Qc7 35. Qxc7 Nxc7 36. Ba5 Rb7 37. Bxc7 Rxc7 38. Rxd4 Rc2+ 39. Kf3 Rxh2 40. Rb4 1-0

[Event "Charleroi TIPC op"]
[Site "Charleroi"]
[Date "2008.07.26"]
[Round "1"]
[White "Reyskens, Jules"]
[Black "Dessomme, Francois"]
[Result "0-1"]
[WhiteElo "1510"]
[BlackElo "1974"]
[PlyCount "78"]
[EventDate "2008.07.26"]
[EventType "swiss"]
[EventRounds "9"]
[EventCountry "BEL"]
[SourceTitle "EXT 2009"]
[Source "ChessBase"]
[SourceDate "2008.11.26"]
[SourceVersion "1"]
[SourceVersionDate "2008.11.26"]
[SourceQuality "1"]

1. e4 e6 2. d4 d5 3. Nc3 Bb4 4. Nge2 dxe4 5. a3 Bxc3+ 6. Nxc3 f5 7. f3 exf3 8. Qxf3 Nf6 9. Bf4 0-0 10. 0-0-0 Nbd7 11. Bc4 Nb6 12. Bb3 c6 13. Rhe1 Nbd5 14. Nxd5 exd5 15. Bg5 h6 16. Bf4 Bd7 17. Bd6 Re8 18. c4 Be6 19. cxd5 cxd5 20. Be5 Ne4 21. Kb1 Rc8 22. Ka1 Qa5 23. Qf4 g5 24. Qe3 f4 25. Qe2 Rc6 26. Qd3 Kf8 27. h4 Bf5 28. hxg5 Ng3 29. Qf3 hxg5 30. Bxd5 Rec8 31. Bxc6 Rxc6 32. Rh1 Nxh1 33. Rxh1 Qd2 34. Qd5 Rc1+ 35. Rxc1 Qxc1+ 36. Ka2 Bb1+ 37. Kb3 Qc2+ 38. Kb4 Qxb2+ 39. Kc5 Qc3+ 0-1